| 000 | 01284nam a2200289 i 4500 | ||
|---|---|---|---|
| 001 | 000011936 | ||
| 003 | DO-SdBNP | ||
| 005 | 20241216085159.0 | ||
| 007 | ta | ||
| 008 | 091102s1941 dr 000 p spa d | ||
| 040 |
_aDO-SdBNP _bspa _cBNPHU _erda |
||
| 041 | _aspa | ||
| 082 | 4 |
_aRD861.42 _bM539m _222 |
|
| 100 | 1 |
_aCastro Noboa, H. B. de, _d1911- _eautor _4aut. _928217 |
|
| 245 | 1 | 0 |
_aPoemas de la ternura infinita / _cH. B. de Castro Noboa. |
| 264 | 1 |
_aSantiago de los Caballeros, República Dominicana : _bEditorial El Diario, _c1941. |
|
| 300 |
_a94 páginas ; _c20 cm. |
||
| 336 |
_atexto _btxt _2rdacontent |
||
| 337 |
_asin mediación _bn _2rdamedia |
||
| 338 |
_avolumen _bnc _2rdacarrier |
||
| 505 | _aOfrecimiento.-- Clemencia Isauro.-- Poema de la espera.-- Orto.-- La gloria.-- Alfarera.-- Renuevo.-- Intimo florecimiento.-- Musa nueva.-- Dormir de ángel.-- Alba de trinos.-- Vigilia junto a tu cuna.-- La primera palabra.-- Mi hora azul.-- En tu primer noche de reyes.-- El surtidor de tu sonrisa.-- Canción para dormirte.-- Retoño de amor.-- Te presiento adulta. | ||
| 650 | 4 |
_aPoesía dominicana _966 |
|
| 650 | 7 |
_aLiteratura dominicana. _967 _2LEMB |
|
| 650 | 7 |
_aLiteratura dominicana _2LEMB |
|
| 910 | _aValidado. Control de calidad MFF | ||
| 942 |
_2ddc _cLBS1 |
||
| 999 |
_c11606 _d11606 |
||